Statistics for 100 Biggest Latin Cities

Click here to take the quiz!

General Stats

  • This quiz has been taken 426 times
    (99 since last reset)
  • The average score is 63 of 100

Answer Stats

PopulationCity% Correct
16,800,000Buenos Aires
100%
24,700,000Mexico City
100%
8,000,000Santiago
98%
22,700,000São Paulo
98%
13,300,000Rio de Janeiro
97%
10,000,000Bogotá
95%
4,900,000Barcelona
94%
3,800,000Caracas
94%
11,400,000Lima
94%
1,550,000Porto
94%
4,100,000Brasília
92%
5,650,000Guadalajara
92%
6,800,000Madrid
91%
4,100,000Santo Domingo
91%
1,880,000 | 2,050,000Valencia
91%
2,225,000Havana
89%
2,475,000Lisbon
89%
4,150,000Medellín
89%
3,250,000Guatemala City
88%
1,590,000Panama City
88%
2,825,000Quito
88%
2,175,000La Paz
86%
5,750,000Monterrey
86%
3,450,000Rome
85%
2,925,000Cali
83%
11,400,000Paris
83%
2,400,000San José
83%
6,150,000Milan
82%
1,870,000Montevideo
82%
1,190,000Tegucigalpa
82%
1,690,000Córdoba
80%
1,380,000Managua
80%
1,690,000Marseille
80%
4,125,000Naples
80%
3,650,000Salvador
80%
1,910,000San Salvador
80%
2,250,000Belém
79%
5,100,000Belo Horizonte
79%
3,425,000Port-au-Prince
79%
2,425,000Asunción
77%
3,750,000Fortaleza
77%
3,875,000Recife
77%
2,000,000Lyon
76%
2,275,000Manaus
74%
1,600,000Turin
74%
4,175,000Porto Alegre
73%
1,390,000Rosario
73%
3,250,000Guayaquil
71%
2,150,000Tijuana
71%
2,200,000Barranquilla
68%
2,700,000Maracaibo
68%
4,100,000Puebla
68%
1,580,000Ciudad Juárez
64%
3,500,000Curitiba
64%
14,500,000Kinshasa
62%
2,200,000León
61%
2,200,000Bucharest
58%
2,250,000Santa Cruz
58%
1,300,000Sevilla
58%
1,180,000Cartagena
56%
8,700,000Luanda
55%
4,075,000Dakar
53%
1,990,000San Juan
53%
2,425,000Brazzaville
52%
1,310,000Lille
52%
1,440,000Natal
52%
3,275,000Campinas
48%
1,150,000Arequipa
45%
2,725,000Brussels
45%
1,290,000Mérida
45%
3,650,000Yaoundé
45%
5,950,000Abidjan
44%
1,260,000San Pedro Sula
42%
2,600,000Toluca
42%
2,400,000Maputo
41%
4,275,000Montreal
41%
3,575,000Douala
39%
2,500,000Goiânia
39%
1,340,000San Luis Potosí
39%
1,770,000Santos
39%
1,180,000Aguascalientes
38%
1,590,000Querétaro
38%
1,460,000São Luís
38%
1,300,000Bucaramanga
32%
1,900,000Vitória
32%
1,320,000Barquisimeto
30%
1,400,000Cochabamba
30%
2,750,000Ouagadougou
30%
1,440,000Maracay
29%
2,275,000Lomé
27%
1,680,000Ndjamena
27%
1,390,000Torreón
27%
1,950,000Cotonou
26%
1,150,000João Pessoa
21%
1,320,000Benguela
14%
1,190,000Cuernavaca
12%
1,270,000Pointe-Noire
11%
1,170,000Tangier
6%
1,280,000McAllen
5%

Score Distribution

Percentile by Number Answered

Percent of People with Each Score

Your Score History

You have not taken this quiz since the last reset